| 000 | 00423pam a2200145 a 4500 | ||
|---|---|---|---|
| 020 | _a0023426004 | ||
| 050 | 0 | 0 |
_aT353 _b.T28 1986 |
| 245 | 0 | 0 |
_aTechnical drawing / _cFrederick E. Giesecke ... [et al.]. |
| 250 | _a8th ed. | ||
| 260 |
_aNew York : _bMacmillan ; _aLondon : _bCollier Macmillan Publishers, _cc1986. |
||
| 300 | _aix, 964 p. : | ||
| 500 | _aIncludes index. | ||
| 700 | 1 | _aGiesecke, Frederick E. | |
| 942 |
_2lcc _cGEN |
||
| 999 |
_c5469 _d5469 |
||